[Event "Hoogeveen Open"]
[Site "Hoogeveen, Netherlands"]
[Date "2018.10.26"]
[Round "8.2"]
[White "Romanov, Evgeny"]
[Black "Shyaamnikhil, P"]
[Result "1/2-1/2"]
[WhiteElo "2614"]
[BlackElo "2429"]

1. d4 {[%clk 01:25:50]} {[%emt 00:05:08]} Nf6 {[%clk 01:30:29]} {[%emt
00:00:32]} 2. Bg5 {[%clk 01:26:11]} {[%emt 00:00:09]} e6 {[%clk 01:26:06]}
{[%emt 00:04:53]} 3. Nf3 {[%clk 01:26:31]} {[%emt 00:00:09]} h6 {[%clk
01:26:17]} {[%emt 00:00:19]} 4. Bh4 {[%clk 01:26:56]} {[%emt 00:00:05]} d6
{[%clk 01:25:32]} {[%emt 00:01:15]} 5. Nbd2 {[%clk 01:24:39]} {[%emt 00:02:47]}
g5 {[%clk 01:24:28]} {[%emt 00:01:34]} 6. Bg3 {[%clk 01:25:07]} {[%emt
00:00:02]} Nh5 {[%clk 01:24:49]} {[%emt 00:00:09]} 7. c3 {[%clk 01:22:45]}
{[%emt 00:02:53]} a6 {[%clk 01:14:16]} {[%emt 00:11:03]} 8. e4 {[%clk
01:22:05]} {[%emt 00:01:09]} Nd7 {[%clk 01:14:10]} {[%emt 00:00:35]} 9. Be2
{[%clk 01:21:07]} {[%emt 00:01:29]} Nf4 {[%clk 01:11:50]} {[%emt 00:02:51]} 10.
Bxf4 {[%clk 01:20:39]} {[%emt 00:00:58]} gxf4 {[%clk 01:12:12]} {[%emt
00:00:07]} 11. g3 {[%clk 01:12:27]} {[%emt 00:08:42]} c5 {[%clk 01:07:35]}
{[%emt 00:05:07]} 12. gxf4 {[%clk 01:07:26]} {[%emt 00:05:30]} Qf6 {[%clk
01:05:27]} {[%emt 00:02:38]} 13. f5 {[%clk 01:06:58]} {[%emt 00:00:59]} exf5
{[%clk 01:03:46]} {[%emt 00:02:11]} 14. Qc2 {[%clk 01:01:17]} {[%emt 00:06:10]}
fxe4 {[%clk 01:01:29]} {[%emt 00:02:47]} 15. Qxe4+ {[%clk 01:00:50]} {[%emt
00:00:57]} Qe6 {[%clk 00:52:14]} {[%emt 00:09:45]} 16. O-O-O {[%clk 01:00:26]}
{[%emt 00:00:53]} Qxe4 {[%clk 00:51:08]} {[%emt 00:01:37]} 17. Nxe4 {[%clk
01:00:54]} {[%emt 00:00:02]} d5 {[%clk 00:42:04]} {[%emt 00:09:35]} 18. Nxc5
{[%clk 00:49:01]} {[%emt 00:12:23]} Nxc5 {[%clk 00:42:27]} {[%emt 00:00:07]} 19.
dxc5 {[%clk 00:49:25]} {[%emt 00:00:05]} Bxc5 {[%clk 00:42:52]} {[%emt
00:00:05]} 20. Rxd5 {[%clk 00:46:34]} {[%emt 00:03:21]} Bxf2 {[%clk 00:42:18]}
{[%emt 00:01:04]} 21. Re5+ {[%clk 00:46:58]} {[%emt 00:00:06]} Be6 {[%clk
00:38:22]} {[%emt 00:04:26]} 22. Rf1 {[%clk 00:47:06]} {[%emt 00:00:21]} Bb6
{[%clk 00:34:35]} {[%emt 00:04:18]} 23. Bc4 {[%clk 00:46:29]} {[%emt 00:01:07]}
Bc7 {[%clk 00:34:44]} {[%emt 00:00:22]} 24. Re2 {[%clk 00:33:49]} {[%emt
00:13:09]} O-O-O {[%clk 00:32:26]} {[%emt 00:02:48]} 25. Bxe6+ {[%clk
00:34:09]} {[%emt 00:00:10]} fxe6 {[%clk 00:32:50]} {[%emt 00:00:05]} 26. Nd4
{[%clk 00:33:54]} {[%emt 00:00:44]} Rde8 {[%clk 00:30:04]} {[%emt 00:03:17]} 27.
Rf6 {[%clk 00:32:26]} {[%emt 00:01:58]} e5 {[%clk 00:29:31]} {[%emt 00:01:04]}
28. Ne6 {[%clk 00:31:44]} {[%emt 00:01:11]} Re7 {[%clk 00:19:11]} {[%emt
00:10:51]} 29. Re4 {[%clk 00:30:42]} {[%emt 00:01:32]} h5 {[%clk 00:17:01]}
{[%emt 00:02:40]} 30. Kc2 {[%clk 00:27:22]} {[%emt 00:03:50]} Rg8 {[%clk
00:15:28]} {[%emt 00:02:03]} 31. b4 {[%clk 00:25:02]} {[%emt 00:02:50]} Bd6
{[%clk 00:10:57]} {[%emt 00:05:01]} 32. Kb3 {[%clk 00:15:12]} {[%emt 00:10:20]}
Rd7 {[%clk 00:06:52]} {[%emt 00:04:35]} 33. h3 {[%clk 00:14:33]} {[%emt
00:01:09]} Rg2 {[%clk 00:03:18]} {[%emt 00:04:04]} 34. a4 {[%clk 00:11:04]}
{[%emt 00:03:59]} b5 {[%clk 00:03:23]} {[%emt 00:00:25]} 35. axb5 {[%clk
00:10:20]} {[%emt 00:01:15]} axb5 {[%clk 00:03:48]} {[%emt 00:00:06]} 36. Rh6
{[%clk 00:07:44]} {[%emt 00:03:05]} Rf7 {[%clk 00:04:06]} {[%emt 00:00:12]} 37.
Nc5 {[%clk 00:03:25]} {[%emt 00:04:49]} Rf1 {[%clk 00:04:19]} {[%emt 00:00:17]}
38. Rxd6 {[%clk 00:02:32]} {[%emt 00:01:23]} Rb1+ {[%clk 00:04:43]} {[%emt
00:00:06]} 39. Ka3 {[%clk 00:02:56]} {[%emt 00:00:06]} Ra1+ {[%clk 00:05:09]}
{[%emt 00:00:04]} 40. Kb3 {[%clk 00:03:22]} {[%emt 00:00:05]} Rb1+ {[%clk
00:05:37]} {[%emt 00:00:02]} 41. Ka3 {[%clk 00:03:45]} {[%emt 00:00:07]} Ra1+
{[%clk 00:06:02]} {[%emt 00:00:05]} 42. Kb3 {[%clk 00:04:08]} {[%emt 00:00:07]}
1/2-1/2

[Event "Hoogeveen Open"]
[Site "Hoogeveen, Netherlands"]
[Date "2018.10.26"]
[Round "8.3"]
[White "De Boer, Eelke"]
[Black "Pruijssers, Roeland"]
[Result "0-1"]
[WhiteElo "2285"]
[BlackElo "2501"]

1. e4 {[%clk 01:30:58]} {[%emt 00:00:02]} c5 {[%clk 01:30:52]} {[%emt
00:00:08]} 2. Nf3 {[%clk 01:31:21]} {[%emt 00:00:07]} e6 {[%clk 01:31:18]}
{[%emt 00:00:04]} 3. d4 {[%clk 01:31:43]} {[%emt 00:00:08]} cxd4 {[%clk
01:31:43]} {[%emt 00:00:05]} 4. Nxd4 {[%clk 01:32:07]} {[%emt 00:00:07]} Nc6
{[%clk 01:32:08]} {[%emt 00:00:05]} 5. Nc3 {[%clk 01:32:29]} {[%emt 00:00:08]}
Qc7 {[%clk 01:32:03]} {[%emt 00:00:35]} 6. Be3 {[%clk 01:32:50]} {[%emt
00:00:09]} a6 {[%clk 01:32:28]} {[%emt 00:00:05]} 7. Qf3 {[%clk 01:33:10]}
{[%emt 00:00:09]} Bd6 {[%clk 01:32:15]} {[%emt 00:00:43]} 8. O-O-O {[%clk
01:31:40]} {[%emt 00:02:00]} Be5 {[%clk 01:32:40]} {[%emt 00:00:05]} 9. g3
{[%clk 01:31:52]} {[%emt 00:00:18]} Nge7 {[%clk 01:33:02]} {[%emt 00:00:07]} 10.
Qe2 {[%clk 01:31:05]} {[%emt 00:01:17]} b5 {[%clk 01:33:26]} {[%emt 00:00:07]}
11. f4 {[%clk 01:29:45]} {[%emt 00:01:50]} Bxd4 {[%clk 01:33:37]} {[%emt
00:00:19]} 12. Bxd4 {[%clk 01:30:05]} {[%emt 00:00:10]} Nxd4 {[%clk 01:34:03]}
{[%emt 00:00:04]} 13. Rxd4 {[%clk 01:30:14]} {[%emt 00:00:21]} O-O {[%clk
01:29:08]} {[%emt 00:05:25]} 14. Bg2 {[%clk 01:26:16]} {[%emt 00:04:27]} Bb7
{[%clk 01:29:31]} {[%emt 00:00:07]} 15. Rhd1 {[%clk 01:23:45]} {[%emt
00:03:01]} Rfd8 {[%clk 01:29:54]} {[%emt 00:00:08]} 16. Qd2 {[%clk 01:14:37]}
{[%emt 00:09:38]} Bc6 {[%clk 01:29:27]} {[%emt 00:00:58]} 17. e5 {[%clk
01:05:13]} {[%emt 00:09:53]} Ra7 {[%clk 01:19:11]} {[%emt 00:10:47]} 18. Bxc6
{[%clk 00:59:46]} {[%emt 00:05:56]} Nxc6 {[%clk 01:09:53]} {[%emt 00:09:47]} 19.
Rd3 {[%clk 00:56:39]} {[%emt 00:03:36]} Ne7 {[%clk 01:06:41]} {[%emt 00:03:44]}
20. Kb1 {[%clk 00:46:28]} {[%emt 00:10:41]} b4 {[%clk 01:03:32]} {[%emt
00:03:39]} 21. Ne4 {[%clk 00:46:28]} {[%emt 00:00:30]} a5 {[%clk 01:03:38]}
{[%emt 00:00:24]} 22. Nd6 {[%clk 00:45:44]} {[%emt 00:01:14]} Qc6 {[%clk
01:03:55]} {[%emt 00:00:13]} 23. g4 {[%clk 00:40:06]} {[%emt 00:06:08]} Nd5
{[%clk 01:02:43]} {[%emt 00:01:41]} 24. Rd4 {[%clk 00:28:02]} {[%emt 00:12:35]}
a4 {[%clk 01:00:10]} {[%emt 00:03:03]} 25. Ne4 {[%clk 00:20:51]} {[%emt
00:07:40]} Rb8 {[%clk 00:53:02]} {[%emt 00:07:38]} 26. Qd3 {[%clk 00:08:59]}
{[%emt 00:12:22]} b3 {[%clk 00:45:24]} {[%emt 00:08:08]} 27. cxb3 {[%clk
00:05:12]} {[%emt 00:04:18]} axb3 {[%clk 00:43:03]} {[%emt 00:02:51]} 28. a3
{[%clk 00:05:13]} {[%emt 00:00:28]} Qc2+ {[%clk 00:21:46]} {[%emt 00:21:47]} 29.
Qxc2 {[%clk 00:05:37]} {[%emt 00:00:06]} bxc2+ {[%clk 00:22:13]} {[%emt
00:00:03]} 30. Kxc2 {[%clk 00:05:59]} {[%emt 00:00:08]} Ne3+ {[%clk 00:22:39]}
{[%emt 00:00:03]} 31. Kc1 {[%clk 00:05:22]} {[%emt 00:01:07]} Nxd1 {[%clk
00:22:14]} {[%emt 00:00:56]} 32. Rxd1 {[%clk 00:05:48]} {[%emt 00:00:05]} Ra4
{[%clk 00:22:09]} {[%emt 00:00:34]} 33. Re1 {[%clk 00:02:24]} {[%emt 00:03:54]}
Rd4 {[%clk 00:21:42]} {[%emt 00:00:56]} 34. b4 {[%clk 00:01:28]} {[%emt
00:01:26]} Rd3 {[%clk 00:19:51]} {[%emt 00:02:21]} 35. Kb2 {[%clk 00:01:48]}
{[%emt 00:00:10]} Rf3 {[%clk 00:20:16]} {[%emt 00:00:05]} 36. Nd6 {[%clk
00:00:54]} {[%emt 00:01:24]} Rxf4 {[%clk 00:19:12]} {[%emt 00:01:34]} 37. b5
{[%clk 00:00:51]} {[%emt 00:00:32]} f6 {[%clk 00:19:19]} {[%emt 00:00:24]} 38.
Kb3 {[%clk 00:00:35]} {[%emt 00:00:46]} fxe5 {[%clk 00:18:17]} {[%emt
00:01:31]} 39. a4 {[%clk 00:00:41]} {[%emt 00:00:25]} Rd4 {[%clk 00:15:15]}
{[%emt 00:03:32]} 40. Nc4 {[%clk 00:00:33]} {[%emt 00:00:38]} e4 {[%clk
00:15:32]} {[%emt 00:00:12]} 41. Re2 {[%clk 00:17:29]} {[%emt 00:13:34]} d5
{[%clk 00:33:34]} {[%emt 00:12:29]} 42. Ne5 {[%clk 00:16:03]} {[%emt 00:01:55]}
Ra8 {[%clk 00:33:59]} {[%emt 00:00:06]} 43. b6 {[%clk 00:09:07]} {[%emt
00:07:26]} Ra6 {[%clk 00:32:56]} {[%emt 00:01:32]} 44. Kc3 {[%clk 00:01:03]}
{[%emt 00:08:35]} Rdxa4 {[%clk 00:33:11]} {[%emt 00:00:15]} 45. Rb2 {[%clk
00:01:17]} {[%emt 00:00:16]} d4+ {[%clk 00:32:49]} {[%emt 00:00:52]} 46. Kc2
{[%clk 00:01:10]} {[%emt 00:00:37]} Ra2 {[%clk 00:32:55]} {[%emt 00:00:24]} 47.
Nd7 {[%clk 00:00:58]} {[%emt 00:00:42]} d3+ {[%clk 00:31:08]} {[%emt 00:02:17]}
48. Kc3 {[%clk 00:00:37]} {[%emt 00:00:51]} Rxb2 {[%clk 00:31:05]} {[%emt
00:00:33]} 49. Kxb2 {[%clk 00:01:00]} {[%emt 00:00:07]} Ra5 {[%clk 00:31:33]}
{[%emt 00:00:03]} 0-1

[Event "Hoogeveen Open"]
[Site "Hoogeveen, Netherlands"]
[Date "2018.10.26"]
[Round "8.4"]
[White "Buckels, Valentin"]
[Black "Iniyan, P"]
[Result "1-0"]
[WhiteElo "2413"]
[BlackElo "2476"]

1. Nf3 {[%clk 01:30:54]} {[%emt 00:00:05]} Nf6 {[%clk 01:29:51]} {[%emt
00:01:09]} 2. g3 {[%clk 01:31:19]} {[%emt 00:00:05]} c5 {[%clk 01:27:42]}
{[%emt 00:02:39]} 3. c4 {[%clk 01:30:28]} {[%emt 00:01:21]} b6 {[%clk
01:26:13]} {[%emt 00:01:59]} 4. Bg2 {[%clk 01:28:55]} {[%emt 00:02:03]} Bb7
{[%clk 01:26:36]} {[%emt 00:00:07]} 5. O-O {[%clk 01:28:00]} {[%emt 00:01:25]}
e6 {[%clk 01:24:22]} {[%emt 00:02:44]} 6. Nc3 {[%clk 01:27:04]} {[%emt
00:01:25]} Be7 {[%clk 01:24:40]} {[%emt 00:00:12]} 7. b3 {[%clk 01:26:52]}
{[%emt 00:00:43]} a6 {[%clk 01:24:37]} {[%emt 00:00:33]} 8. d4 {[%clk
01:24:21]} {[%emt 00:03:00]} d6 {[%clk 01:21:54]} {[%emt 00:03:13]} 9. d5
{[%clk 01:22:03]} {[%emt 00:02:48]} e5 {[%clk 01:20:50]} {[%emt 00:01:34]} 10.
Ne1 {[%clk 01:15:08]} {[%emt 00:07:26]} O-O {[%clk 01:09:16]} {[%emt 00:12:03]}
11. a4 {[%clk 01:14:43]} {[%emt 00:00:55]} Nbd7 {[%clk 01:06:58]} {[%emt
00:02:49]} 12. e4 {[%clk 01:14:23]} {[%emt 00:00:51]} Ne8 {[%clk 01:04:40]}
{[%emt 00:02:48]} 13. h4 {[%clk 01:11:40]} {[%emt 00:03:13]} Nc7 {[%clk
01:04:17]} {[%emt 00:00:52]} 14. Qe2 {[%clk 01:09:12]} {[%emt 00:02:57]} Bf6
{[%clk 01:00:02]} {[%emt 00:04:46]} 15. h5 {[%clk 01:05:07]} {[%emt 00:04:36]}
g6 {[%clk 00:54:58]} {[%emt 00:05:33]} 16. Bh6 {[%clk 01:01:42]} {[%emt
00:03:55]} Bg7 {[%clk 00:54:56]} {[%emt 00:00:33]} 17. Bxg7 {[%clk 01:01:46]}
{[%emt 00:00:26]} Kxg7 {[%emt 00:05:54]} 18. f4 {[%clk 00:56:28]} exf4 {[%clk
00:52:01]} {[%emt 00:03:48]} 19. gxf4 {[%clk 00:56:01]} {[%emt 00:00:57]} Qh4
{[%clk 00:52:26]} {[%emt 00:00:05]} 20. hxg6 {[%clk 00:50:50]} {[%emt
00:05:40]} fxg6 {[%clk 00:52:39]} {[%emt 00:00:18]} 21. Nd3 {[%clk 00:49:01]}
{[%emt 00:02:19]} g5 {[%clk 00:45:43]} {[%emt 00:07:27]} 22. e5 {[%clk
00:39:18]} {[%emt 00:10:14]} dxe5 {[%clk 00:45:18]} {[%emt 00:00:55]} 23. Nxe5
{[%clk 00:39:40]} {[%emt 00:00:07]} Nf6 {[%clk 00:33:41]} {[%emt 00:12:06]} 24.
fxg5 {[%clk 00:33:43]} {[%emt 00:06:27]} Qxg5 {[%clk 00:29:13]} {[%emt
00:04:58]} 25. Nf3 {[%clk 00:32:22]} {[%emt 00:01:51]} Qf4 {[%clk 00:28:15]}
{[%emt 00:01:28]} 26. Qe5 {[%clk 00:30:51]} {[%emt 00:02:01]} Qxe5 {[%clk
00:28:37]} {[%emt 00:00:08]} 27. Nxe5 {[%clk 00:31:18]} {[%emt 00:00:02]} a5
{[%clk 00:13:17]} {[%emt 00:15:51]} 28. Rae1 {[%clk 00:27:38]} {[%emt
00:04:10]} Rae8 {[%clk 00:08:25]} {[%emt 00:05:22]} 29. Re2 {[%clk 00:22:30]}
{[%emt 00:05:37]} Bc8 {[%clk 00:06:06]} {[%emt 00:02:49]} 30. d6 {[%clk
00:21:55]} {[%emt 00:01:06]} Ne6 {[%clk 00:06:26]} {[%emt 00:00:10]} 31. Bc6
{[%clk 00:19:39]} {[%emt 00:02:46]} Rd8 {[%clk 00:06:23]} {[%emt 00:00:33]} 32.
Rg2+ {[%clk 00:12:47]} {[%emt 00:07:21]} Kh8 {[%clk 00:06:46]} {[%emt
00:00:06]} 33. Rgf2 {[%clk 00:12:11]} {[%emt 00:01:06]} Kg7 {[%clk 00:06:13]}
{[%emt 00:01:03]} 34. Rg2+ {[%clk 00:11:37]} {[%emt 00:01:05]} Kh8 {[%clk
00:06:38]} {[%emt 00:00:05]} 35. Rgf2 {[%clk 00:11:54]} {[%emt 00:00:13]} Kg7
{[%clk 00:07:02]} {[%emt 00:00:06]} 36. d7 {[%clk 00:10:33]} {[%emt 00:01:51]}
Ba6 {[%clk 00:05:47]} {[%emt 00:01:44]} 37. Rg2+ {[%clk 00:07:52]} {[%emt
00:03:11]} Kh8 {[%clk 00:05:56]} {[%emt 00:00:21]} 38. Nd5 {[%clk 00:07:52]}
{[%emt 00:00:30]} Nxd5 {[%clk 00:05:12]} {[%emt 00:01:15]} 39. Rxf8+ {[%clk
00:07:54]} Rxf8 {[%clk 00:05:33]} {[%emt 00:00:37]} 40. Bxd5 {[%clk 00:08:08]}
{[%emt 00:00:16]} Nd8 {[%clk 00:05:56]} {[%emt 00:00:07]} 41. Nf7+ {[%clk
00:07:56]} {[%emt 00:00:41]} Nxf7 {[%clk 00:03:19]} {[%emt 00:03:07]} 42. Bxf7
{[%clk 00:07:56]} {[%emt 00:00:30]} Rd8 {[%clk 00:02:59]} {[%emt 00:00:50]} 43.
Rg8+ {[%clk 00:08:20]} {[%emt 00:00:07]} Rxg8+ {[%clk 00:03:23]} {[%emt
00:00:06]} 44. Bxg8 {[%clk 00:08:45]} {[%emt 00:00:05]} 1-0

[Event "Hoogeveen Open"]
[Site "Hoogeveen, Netherlands"]
[Date "2018.10.26"]
[Round "8.5"]
[White "Beerdsen, Thomas"]
[Black "Zwirs, Nico"]
[Result "1-0"]
[WhiteElo "2460"]
[BlackElo "2410"]

1. e4 {[%clk 01:30:57]} {[%emt 00:00:02]} c5 {[%clk 01:30:55]} {[%emt
00:00:05]} 2. Nf3 {[%clk 01:31:22]} {[%emt 00:00:05]} d6 {[%clk 01:31:21]}
{[%emt 00:00:05]} 3. Bb5+ {[%clk 01:31:45]} {[%emt 00:00:07]} Nc6 {[%clk
01:31:39]} {[%emt 00:00:11]} 4. O-O {[%clk 01:32:07]} {[%emt 00:00:08]} Bd7
{[%clk 01:32:05]} {[%emt 00:00:02]} 5. Re1 {[%clk 01:32:32]} {[%emt 00:00:07]}
Nf6 {[%clk 01:32:28]} {[%emt 00:00:06]} 6. c3 {[%clk 01:32:59]} {[%emt
00:00:04]} a6 {[%clk 01:32:53]} {[%emt 00:00:05]} 7. Bf1 {[%clk 01:33:22]}
{[%emt 00:00:06]} Bg4 {[%clk 01:33:11]} {[%emt 00:00:12]} 8. d4 {[%clk
01:33:47]} {[%emt 00:00:05]} cxd4 {[%clk 01:22:35]} {[%emt 00:11:06]} 9. cxd4
{[%clk 01:34:13]} {[%emt 00:00:05]} d5 {[%clk 01:10:53]} {[%emt 00:12:11]} 10.
e5 {[%clk 01:34:05]} {[%emt 00:00:38]} Nd7 {[%clk 01:10:51]} {[%emt 00:00:32]}
11. e6 {[%clk 01:34:31]} {[%emt 00:00:04]} fxe6 {[%clk 01:09:25]} {[%emt
00:01:56]} 12. Be2 {[%clk 01:32:17]} {[%emt 00:02:45]} Bxf3 {[%clk 01:02:25]}
{[%emt 00:07:30]} 13. Bxf3 {[%clk 01:32:41]} {[%emt 00:00:06]} Qb6 {[%clk
01:01:18]} {[%emt 00:01:37]} 14. Rxe6 {[%clk 01:25:07]} {[%emt 00:08:04]} Qxd4
{[%clk 01:01:03]} {[%emt 00:00:44]} 15. Qe2 {[%clk 01:20:25]} {[%emt 00:05:13]}
Nd8 {[%clk 00:36:58]} {[%emt 00:24:34]} 16. Rd6 {[%clk 01:13:27]} {[%emt
00:07:28]} Qe5 {[%clk 00:21:08]} {[%emt 00:16:20]} 17. Rxd7 {[%clk 01:03:04]}
{[%emt 00:10:55]} Qxe2 {[%clk 00:21:33]} {[%emt 00:00:05]} 18. Rxd8+ {[%clk
01:03:29]} {[%emt 00:00:04]} Rxd8 {[%clk 00:22:01]} {[%emt 00:00:01]} 19. Bxe2
{[%clk 01:03:51]} {[%emt 00:00:08]} e5 {[%clk 00:22:21]} {[%emt 00:00:09]} 20.
Nc3 {[%clk 00:59:45]} {[%emt 00:04:38]} Be7 {[%clk 00:21:12]} {[%emt 00:01:38]}
21. Bd1 {[%clk 00:58:09]} {[%emt 00:02:06]} Rf8 {[%clk 00:17:42]} {[%emt
00:04:01]} 22. Bd2 {[%clk 00:53:18]} {[%emt 00:05:20]} Bc5 {[%clk 00:16:05]}
{[%emt 00:02:08]} 23. Be1 {[%clk 00:53:43]} {[%emt 00:00:05]} Ke7 {[%clk
00:08:33]} {[%emt 00:08:02]} 24. Bb3 {[%clk 00:52:29]} {[%emt 00:01:43]} Ke6
{[%clk 00:08:59]} {[%emt 00:00:04]} 25. Rd1 {[%clk 00:48:55]} {[%emt 00:04:05]}
Bd4 {[%clk 00:09:21]} {[%emt 00:00:08]} 26. Kf1 {[%clk 00:48:31]} {[%emt
00:00:54]} b5 {[%clk 00:06:09]} {[%emt 00:03:42]} 27. a3 {[%clk 00:46:05]}
{[%emt 00:02:55]} Rf7 {[%clk 00:05:42]} {[%emt 00:00:58]} 28. Rc1 {[%clk
00:38:20]} {[%emt 00:08:15]} Rc7 {[%clk 00:04:24]} {[%emt 00:01:47]} 29. Ke2
{[%clk 00:37:57]} {[%emt 00:00:53]} Bxc3 {[%clk 00:00:53]} {[%emt 00:04:02]} 30.
Bxc3 {[%clk 00:38:16]} {[%emt 00:00:11]} Kf6 {[%clk 00:01:14]} {[%emt
00:00:08]} 31. Bxe5+ {[%clk 00:38:37]} {[%emt 00:00:09]} 1-0

[Event "Hoogeveen Open"]
[Site "Hoogeveen, Netherlands"]
[Date "2018.10.26"]
[Round "8.6"]
[White "Kuipers, Stefan"]
[Black "Karthikeyan, P."]
[Result "0-1"]
[WhiteElo "2467"]
[BlackElo "2443"]

1. e4 {[%clk 01:30:57]} {[%emt 00:00:01]} g6 {[%clk 01:29:40]} {[%emt
00:01:20]} 2. d4 {[%clk 01:31:23]} {[%emt 00:00:05]} Bg7 {[%clk 01:29:58]}
{[%emt 00:00:12]} 3. Nc3 {[%clk 01:31:47]} {[%emt 00:00:06]} d6 {[%clk
01:30:19]} {[%emt 00:00:08]} 4. Be3 {[%clk 01:32:08]} {[%emt 00:00:10]} a6
{[%clk 01:30:21]} {[%emt 00:00:28]} 5. Qd2 {[%clk 01:32:22]} {[%emt 00:00:16]}
Nd7 {[%clk 01:29:51]} {[%emt 00:01:01]} 6. h4 {[%clk 01:31:05]} {[%emt
00:01:46]} h6 {[%clk 01:30:05]} {[%emt 00:00:15]} 7. O-O-O {[%clk 01:29:18]}
{[%emt 00:02:18]} b5 {[%clk 01:30:23]} {[%emt 00:00:12]} 8. Kb1 {[%clk
01:23:42]} {[%emt 00:06:06]} Bb7 {[%clk 01:30:41]} {[%emt 00:00:12]} 9. f3
{[%clk 01:23:27]} {[%emt 00:00:45]} Nb6 {[%clk 01:29:40]} {[%emt 00:01:32]} 10.
Bd3 {[%clk 01:18:57]} {[%emt 00:04:59]} e6 {[%clk 01:25:20]} {[%emt 00:04:50]}
11. Nh3 {[%clk 01:14:39]} {[%emt 00:04:48]} Nf6 {[%clk 01:24:44]} {[%emt
00:01:06]} 12. g4 {[%clk 01:10:49]} {[%emt 00:04:20]} Nfd7 {[%clk 01:23:07]}
{[%emt 00:02:07]} 13. g5 {[%clk 01:06:44]} {[%emt 00:04:35]} h5 {[%clk
01:21:23]} {[%emt 00:02:14]} 14. Qh2 {[%clk 00:47:00]} {[%emt 00:20:14]} c5
{[%clk 01:11:49]} {[%emt 00:10:04]} 15. dxc5 {[%clk 00:42:22]} {[%emt
00:05:08]} dxc5 {[%clk 01:10:24]} {[%emt 00:01:56]} 16. Bxc5 {[%clk 00:41:37]}
{[%emt 00:01:14]} Nxc5 {[%clk 01:05:21]} {[%emt 00:05:33]} 17. Bxb5+ {[%clk
00:42:02]} {[%emt 00:00:05]} Ncd7 {[%clk 00:57:53]} {[%emt 00:07:58]} 0-1

[Event "Hoogeveen Open"]
[Site "Hoogeveen, Netherlands"]
[Date "2018.10.26"]
[Round "8.8"]
[White "Li, Henry"]
[Black "Baskin, Robert"]
[Result "0-1"]
[WhiteElo "2207"]
[BlackElo "2348"]

1. e4 {[%clk 01:30:45]} {[%emt 00:00:14]} e5 {[%clk 01:30:41]} {[%emt
00:00:19]} 2. Nf3 {[%clk 01:30:43]} {[%emt 00:00:32]} Nc6 {[%clk 01:31:05]}
{[%emt 00:00:06]} 3. Bb5 {[%clk 01:30:58]} {[%emt 00:00:15]} a6 {[%clk
01:31:28]} {[%emt 00:00:07]} 4. Ba4 {[%clk 01:31:21]} {[%emt 00:00:07]} b5
{[%clk 01:31:46]} {[%emt 00:00:12]} 5. Bb3 {[%clk 01:31:45]} {[%emt 00:00:07]}
Na5 {[%clk 01:32:10]} {[%emt 00:00:06]} 6. d4 {[%clk 01:20:27]} {[%emt
00:11:47]} exd4 {[%clk 01:32:17]} {[%emt 00:00:23]} 7. c3 {[%clk 01:19:56]}
{[%emt 00:01:01]} Nxb3 {[%clk 01:28:58]} {[%emt 00:03:49]} 8. Qxb3 {[%clk
01:20:00]} {[%emt 00:00:26]} Bb7 {[%clk 01:22:10]} {[%emt 00:07:18]} 9. O-O
{[%clk 01:11:38]} {[%emt 00:08:52]} Be7 {[%clk 01:15:43]} {[%emt 00:06:57]} 10.
Nxd4 {[%clk 01:03:26]} {[%emt 00:08:42]} Bxe4 {[%clk 01:13:57]} {[%emt
00:02:17]} 11. Re1 {[%clk 00:59:46]} {[%emt 00:04:11]} Bg6 {[%clk 01:07:46]}
{[%emt 00:06:40]} 12. Bg5 {[%clk 00:57:20]} {[%emt 00:02:55]} c5 {[%clk
01:05:05]} {[%emt 00:03:12]} 13. Nf3 {[%clk 00:51:57]} {[%emt 00:05:53]} f6
{[%clk 01:03:45]} {[%emt 00:01:50]} 14. Bf4 {[%clk 00:49:41]} {[%emt 00:02:46]}
Bf7 {[%clk 00:58:18]} {[%emt 00:05:58]} 15. Qd1 {[%clk 00:41:21]} {[%emt
00:08:50]} Be6 {[%clk 00:57:26]} {[%emt 00:01:22]} 16. a4 {[%clk 00:39:41]}
{[%emt 00:02:11]} g5 {[%clk 00:54:41]} {[%emt 00:03:15]} 17. Bd6 {[%clk
00:33:08]} {[%emt 00:07:02]} Qb6 {[%clk 00:53:00]} {[%emt 00:02:11]} 18. Bxe7
{[%clk 00:32:52]} {[%emt 00:00:46]} Nxe7 {[%clk 00:53:25]} {[%emt 00:00:05]} 19.
axb5 {[%clk 00:29:09]} {[%emt 00:04:13]} Qxb5 {[%clk 00:48:53]} {[%emt
00:05:02]} 20. b4 {[%clk 00:24:15]} {[%emt 00:05:24]} g4 {[%clk 00:44:47]}
{[%emt 00:04:36]} 21. Nh4 {[%clk 00:20:57]} {[%emt 00:03:48]} cxb4 {[%clk
00:41:50]} {[%emt 00:03:27]} 22. Qd6 {[%clk 00:21:05]} {[%emt 00:00:22]} b3
{[%clk 00:39:27]} {[%emt 00:02:53]} 23. c4 {[%clk 00:15:10]} {[%emt 00:06:25]}
Qc6 {[%clk 00:34:09]} {[%emt 00:05:48]} 24. Qf4 {[%clk 00:14:14]} {[%emt
00:01:26]} Qxc4 {[%clk 00:30:22]} {[%emt 00:04:17]} 25. Qh6 {[%clk 00:12:46]}
{[%emt 00:01:58]} b2 {[%clk 00:27:21]} {[%emt 00:03:32]} 26. Ra3 {[%clk
00:12:21]} {[%emt 00:00:55]} Kf7 {[%clk 00:27:16]} {[%emt 00:00:35]} 27. Rae3
{[%clk 00:09:25]} {[%emt 00:03:25]} Rac8 {[%clk 00:25:49]} {[%emt 00:01:58]} 28.
h3 {[%clk 00:04:47]} {[%emt 00:05:07]} Rc5 {[%clk 00:21:31]} {[%emt 00:04:48]}
29. hxg4 {[%clk 00:02:30]} {[%emt 00:02:47]} Ng8 {[%clk 00:21:31]} {[%emt
00:00:30]} 30. Rxe6 {[%clk 00:02:19]} {[%emt 00:00:42]} Qxe6 {[%clk 00:19:01]}
{[%emt 00:02:59]} 0-1